Über die entwicklung und den hintergrund der gefangenraten in Ungarn von den 1980er jahren bis in die heutigen tage

Jelen tanulmány az eredetileg a németországi Greifswaldon 2004 szeptemberében ta rtott nemzetközi konferenciára készített magyarországi nemzeti jelentés több ponton aktualizált és kiegészített változata. A jelentés a hazai bűnözési, fogvatartotti, végrehajtási adatokat, a magyar bíróságok szankcióki...

Teljes leírás

Elmentve itt :
Bibliográfiai részletek
Szerző: Nagy Ferenc
Dokumentumtípus: Cikk
Megjelent: Szegedi Tudományegyetem Állam- és Jogtudományi Karának tudományos bizottsága Szeged 2009
Sorozat:Acta Universitatis Szegediensis : acta juridica et politica 72 No. 1-22
Kulcsszavak:Büntetőjog
Tárgyszavak:
Online Access:http://acta.bibl.u-szeged.hu/7417
LEADER 01730nab a2200229 i 4500
001 acta7417
005 20231114153703.0
008 161015s2009 hu o 0|| hun d
022 |a 0324-6523 
040 |a SZTE Egyetemi Kiadványok Repozitórium  |b hun 
041 |a hun 
041 |a ger 
100 1 |a Nagy Ferenc 
245 1 0 |a Über die entwicklung und den hintergrund der gefangenraten in Ungarn von den 1980er jahren bis in die heutigen tage  |h [elektronikus dokumentum] /  |c  Nagy Ferenc 
260 |a Szegedi Tudományegyetem Állam- és Jogtudományi Karának tudományos bizottsága  |b Szeged  |c 2009 
300 |a 363-395 
490 0 |a Acta Universitatis Szegediensis : acta juridica et politica  |v 72 No. 1-22 
520 3 |a Jelen tanulmány az eredetileg a németországi Greifswaldon 2004 szeptemberében ta rtott nemzetközi konferenciára készített magyarországi nemzeti jelentés több ponton aktualizált és kiegészített változata. A jelentés a hazai bűnözési, fogvatartotti, végrehajtási adatokat, a magyar bíróságok szankciókiszabási adatait — táblázatokba foglaltan is — tartalmazza. A tanulmány szerzője figyelembe veszi a hazai kriminálpolitika változásait és a társadalmi struktúrára vonatkozó adatokat. A jelentés áttekinti a magyarországi büntetőjogi keretfeltételeket, továbbá az utóbbi 25 év jelentősebb büntetőjogi reformjait. A tanulmány utolsó, 8. pontjában a szerző a legújabb Btk. novella (2009. évi LXXX. törvény) szankciórendszerét érintő fontosabb változásokat vázolja. 
650 4 |a Társadalomtudományok 
650 4 |a Jogtudomány 
695 |a Büntetőjog 
856 4 0 |u http://acta.bibl.u-szeged.hu/7417/1/juridpol_072_363-395.pdf  |z Dokumentum-elérés